000 00711nam a2200181Ia 4500
008 090122s9999 xx 000 0 und d
082 _b11793
100 _aकानेड
_bमाणिक
245 _aजागतिक रंगभूमी (भाग 1 - पूर्वरंग)
260 _bरोहन
_c2007
300 _a156
501 _aज्ञानदा ग्रंथवितरण / बि. नं. 825-4.7.07
600 _aकानेड
630 _aजागतिक रंगभूमी (भाग 1 - पूर्वरंग)
700 _aकानेड
730 _aजागतिक रंगभूमी (भाग 1 - पूर्वरंग)
942 _cBOOK
999 _c35870
_d35870